000 00677nam a22002417a 4500
999 _c333767
_d333767
001 47669
003 UA-OsUOA
005 20200220114138.0
007 ta
008 20070815b un ||||| |||| 00| 0 ukr d
020 _a9660601565
040 _aUA-OsUOA
_bukr
_cUA-OsUOA
_dUA-OsUOA
041 _aukr
080 _a94(35)(075.8)
090 _a94(35)(075.8)
_bК82
100 _aКрижанівський О. П.
245 _aІсторія стародавнього сходу
_bпідручник
260 _aК.
_bЛибідь
_c2000
300 _a592 с.
650 7 _a9 Географія. Біографії. Історія
_2UDC
942 _cBK
_2udc
955 _a2